Statistics for 15 Countries with most percentage of Christains

Click here to take the quiz!

General Stats

  • This quiz has been taken 67 times
    (47 since last reset)
  • The average score is 4 of 15

Answer Stats

PercentageCountry% Correct
98.30%American Samoa (USA)
81%
97.0%Puerto Rico (USA)
77%
97.90%Armenia
42%
98.0%Greece
33%
98.0%Romania
28%
99.10%Timor Leste
21%
96.0%Haiti
19%
95.40%Faroe Islands (Denmark)
16%
96.60%Greenland (Denmark)
16%
96.0%Paraguay
14%
95.30%Moldova
12%
97.30%Grenada
7%
95.40%Micronesia
7%
95.50%Zambia
5%
97.0%Papua New Guinea
2%

Score Distribution

Percentile by Number Answered

Percent of People with Each Score

Your Score History

You have not taken this quiz since the last reset